[Event "Reykjavik op"]
[Site "Reykjavik"]
[Date "2024.03.20"]
[Round "8"]
[White "Deac, Bogdan Daniel"]
[Black "Stefansson, Hannes"]
[Result "1-0"]
[WhiteElo "2690"]
[BlackElo "2481"]
[PlyCount "99"]
[EventDate "2024.03.15"]
[EventType "swiss"]
[EventRounds "9"]
[EventCountry "ISL"]
[SourceTitle "CB13_2024"]
[SourceDate "2024.03.27"]
[SourceVersion "1"]
[SourceVersionDate "2024.03.27"]
[SourceQuality "1"]

1. e4 e5 2. Nf3 Nc6 3. Bb5 Nf6 4. d3 Bc5 5. 0-0 Nd4 6. Nxd4 Bxd4 7. c3 Bb6 8. Ba4 0-0 9. Bg5 h6 10. Bh4 d6 11. Nd2 g5 12. Bg3 Bg4 13. Qe1 Nh5 14. Bd1 Qd7 15. Nc4 Bxd1 16. Qxd1 Nxg3 17. hxg3 d5 18. exd5 Qxd5 19. Qe2 Rad8 20. Rad1 Rfe8 21. Rfe1 Re6 22. Qe4 f5 23. Qxd5 Rxd5 24. d4 e4 25. a4 f4 26. gxf4 gxf4 27. Ne5 c5 28. Rxe4 cxd4 29. cxd4 Bxd4 30. Rexd4 Rxd4 31. Rxd4 Rxe5 32. Rxf4 b5 33. a5 b4 34. Rxb4 Rxa5 35. Rb7 Ra2 36. Kh2 a5 37. f4 a4 38. Kh3 a3 39. bxa3 Rxa3+ 40. Kg4 Ra2 41. g3 Ra3 42. Rc7 Rb3 43. Kh4 Rf3 44. Ra7 Kh8 45. Rb7 Kg8 46. Re7 Kh8 47. Kg4 Ra3 48. f5 Kg8 49. Kh4 Rb3 50. g4 1-0

[Event "Wch Seniors 50 31st"]
[Site "Terassini"]
[Date "2023.11.03"]
[Round "9"]
[White "Stefansson, Hannes"]
[Black "Cabe, Arlan"]
[Result "1-0"]
[WhiteElo "2529"]
[BlackElo "2303"]
[PlyCount "85"]
[EventDate "2023.10.25"]
[EventType "swiss"]
[EventRounds "11"]
[EventCountry "ITA"]
[SourceTitle "Mega2024 Update 01"]
[Source "Chessbase"]
[SourceDate "2023.11.12"]
[SourceVersion "1"]
[SourceVersionDate "2023.11.12"]
[SourceQuality "1"]

1. e4 c5 2. Nf3 e6 3. d4 cxd4 4. Nxd4 Nf6 5. Nc3 d6 6. g4 h6 7. Bg2 a6 8. h4 Nfd7 9. Be3 Nc6 10. Qe2 Qc7 11. 0-0-0 Na5 12. Kb1 Rb8 13. f4 b5 14. Nd5 exd5 15. exd5 Ne5 16. fxe5 dxe5 17. Nc6 Nxc6 18. dxc6 Be7 19. Bd5 0-0 20. g5 Rd8 21. Bxf7+ Kxf7 22. Qh5+ Kg8 23. gxh6 Bf6 24. Rdg1 Be6 25. hxg7 Qxc6 26. Qh8+ Kf7 27. g8Q+ Rxg8 28. Qh7+ Bg7 29. Bh6 Bxa2+ 30. Kxa2 Qxh6 31. Qf5+ Bf6 32. Qd7+ Kf8 33. Qd6+ Kf7 34. Qd5+ Ke7 35. Rxg8 Rxg8 36. Qxg8 Qd2 37. Qh7+ Ke6 38. Rf1 Qd5+ 39. Kb1 Qd6 40. h5 Qe7 41. Qf5+ Kf7 42. h6 e4 43. h7 1-0

[Event "ISL-chT Kvika 2324"]
[Site "Reykjavik"]
[Date "2023.10.13"]
[Round "2.2"]
[White "Stefansson, Hannes"]
[Black "Olsen, Filip Boe"]
[Result "1-0"]
[WhiteElo "2529"]
[BlackElo "2423"]
[PlyCount "133"]
[EventDate "2023.10.12"]
[EventType "team-tourn"]
[EventRounds "10"]
[EventCountry "ISL"]
[SourceTitle "Mega2024 Update 01"]
[Source "Chessbase"]
[SourceDate "2023.11.12"]
[SourceVersion "1"]
[SourceVersionDate "2023.11.12"]
[SourceQuality "1"]
[WhiteTeam "Taflfelag Gardjabaejar"]
[BlackTeam "Taflfelag Vestmannaeyja"]
[WhiteTeamCountry "ISL"]
[BlackTeamCountry "ISL"]

1. e4 c5 2. Nf3 d6 3. d4 cxd4 4. Nxd4 Nf6 5. Nc3 a6 6. Be3 e5 7. Nb3 Be7 8. h3 h6 9. Be2 Be6 10. 0-0 0-0 11. Qd2 Nbd7 12. Rfd1 Rc8 13. Qe1 Rc6 14. a4 Qc7 15. Bf3 Rc8 16. a5 Nh7 17. Be2 Bg5 18. Qd2 Qd8 19. Bxg5 Nxg5 20. Qe3 Qf6 21. Bg4 Qd8 22. Nc1 Nf6 23. Bxe6 Nxe6 24. Nd3 Nd4 25. Rd2 Rc4 26. Ra3 Qc7 27. f3 Nc6 28. Na4 Nxa5 29. Nb6 Rc6 30. Nxc8 Nc4 31. Qf2 Nxd2 32. Nb4 Rc4 33. Qxd2 Qxc8 34. Qxd6 Rd4 35. Rc3 Qe8 36. Qb6 Rd1+ 37. Kh2 Qe7 38. Qc5 Rd7 39. Nd3 Qxc5 40. Rxc5 b6 41. Rc6 Rb7 42. Nxe5 Kf8 43. Nc4 Nd7 44. Kg3 g6 45. h4 h5 46. Kf4 Ke7 47. e5 a5 48. b3 Rb8 49. Ne3 Rb7 50. Nd5+ Kf8 51. e6 fxe6 52. Rxe6 Kf7 53. Re7+ Kf8 54. c4 Nc5 55. Rxb7 Nxb7 56. Nxb6 Nc5 57. Na4 Nxb3 58. c5 Ke7 59. Ke5 Kd7 60. Kf6 Kc6 61. Kxg6 Kb5 62. c6 Nd4 63. c7 Nc6 64. Nc3+ Kb6 65. c8N+ Kc5 66. Na4+ Kb4 67. Ncb6 1-0

[Event "Valencia Cuna op 4th"]
[Site "Valencia"]
[Date "2023.07.09"]
[Round "2"]
[White "Stefansson, Hannes"]
[Black "Dubreuil, Nicolas"]
[Result "1-0"]
[WhiteElo "2532"]
[BlackElo "2177"]
[PlyCount "85"]
[EventDate "2023.07.08"]
[EventType "swiss"]
[EventRounds "9"]
[EventCountry "ESP"]
[SourceTitle "CBM 215 Extra"]
[Source "ChessBase"]
[SourceDate "2023.09.30"]
[SourceVersion "1"]
[SourceVersionDate "2023.09.30"]
[SourceQuality "1"]

1. e4 c5 2. Nf3 d6 3. d4 cxd4 4. Nxd4 Nf6 5. Nc3 a6 6. h3 e5 7. Nf3 Be6 8. Ng5 Qc7 9. Nxe6 fxe6 10. g4 h5 11. g5 Nfd7 12. h4 Be7 13. Bh3 Nf8 14. f4 exf4 15. Bxf4 Nbd7 16. Qd2 Ne5 17. Bxe5 dxe5 18. 0-0-0 Qc6 19. Ne2 Ng6 20. Qe3 Bc5 21. Qb3 Ke7 22. Bxe6 Rhd8 23. Bd5 Qb6 24. Qf3 Nf4 25. Nxf4 exf4 26. Qxh5 Rf8 27. Rd3 Be3+ 28. Kb1 f3 29. Qh7 Bd4 30. Rb3 f2 31. Rf1 Qd6 32. c3 Be5 33. Rxb7+ Kd8 34. Qh5 Rb8 35. Qe2 Rxb7 36. Bxb7 a5 37. Ba6 Qc5 38. h5 Ke7 39. Bb5 Bxc3 40. bxc3 Qxc3 41. Qc4 Qe1+ 42. Kc2 Rf3 43. Qc7+ 1-0

[Event "Przeworsk"]
[Site "Przeworsk"]
[Date "2023.06.04"]
[Round "9"]
[White "Stefansson, Hannes"]
[Black "Psyk, Radoslaw"]
[Result "0-1"]
[WhiteElo "2521"]
[BlackElo "2417"]
[PlyCount "80"]
[EventDate "2023.05.29"]
[EventType "tourn"]
[EventRounds "9"]
[EventCountry "POL"]
[EventCategory "8"]
[SourceTitle "CBM 214 Extra"]
[Source "ChessBase"]
[SourceDate "2023.07.31"]
[SourceVersion "1"]
[SourceVersionDate "2023.07.31"]
[SourceQuality "1"]

1. c4 e6 2. Nc3 d5 3. d4 Nf6 4. cxd5 Nxd5 5. e4 Nxc3 6. bxc3 c5 7. Rb1 Be7 8. Nf3 0-0 9. Bc4 Qc7 10. Qe2 a6 11. 0-0 b5 12. Bb3 Nc6 13. dxc5 Na5 14. c4 b4 15. Ne1 Nb7 16. Nd3 a5 17. Bf4 Qc6 18. Ne5 Qxc5 19. Ba4 Bd6 20. Nd3 Qc7 21. Bxd6 Nxd6 22. Nb2 Ba6 23. Rbc1 Rac8 24. Bb3 Nb7 25. Na4 Nc5 26. Nxc5 Qxc5 27. Rfd1 Bb7 28. Ba4 Rfd8 29. Bd7 Ra8 30. Qe3 Qxe3 31. fxe3 Bxe4 32. c5 Kf8 33. c6 Ke7 34. Rd4 Bd5 35. Rc2 f5 36. Rxd5 exd5 37. Bxf5 Kd6 38. c7 Rdc8 39. Bxc8 Rxc8 40. Rd2 Kc5 0-1

[Event "Marianske Lazne GM-A1 21st"]
[Site "Marianske Lazne"]
[Date "2023.01.16"]
[Round "3"]
[White "Stefansson, Hannes"]
[Black "Gaehwiler, Gabriel"]
[Result "1/2-1/2"]
[WhiteElo "2526"]
[BlackElo "2408"]
[PlyCount "92"]
[EventDate "2023.01.14"]
[EventType "tourn"]
[EventRounds "9"]
[EventCountry "CZE"]
[EventCategory "7"]
[SourceTitle "CBM 212 Extra"]
[Source "ChessBase"]
[SourceDate "2023.03.31"]
[SourceVersion "1"]
[SourceVersionDate "2023.03.31"]
[SourceQuality "1"]

1. d4 Nf6 2. c4 e6 3. Nf3 d5 4. g3 Bb4+ 5. Bd2 Be7 6. Bg2 0-0 7. 0-0 c6 8. Qc2 Nbd7 9. Rd1 b6 10. Bf4 Bb7 11. Nc3 dxc4 12. Nd2 Nd5 13. Nxc4 Nxf4 14. gxf4 Qc7 15. e3 c5 16. Nb5 Qb8 17. dxc5 Nxc5 18. b4 Bxg2 19. Kxg2 Na6 20. a3 Nc7 21. Nxc7 Qxc7 22. Qe4 Rac8 23. Ne5 Bf6 24. Rac1 Qxc1 25. Rxc1 Rxc1 26. Nc6 a6 27. a4 b5 28. axb5 axb5 29. Ne5 Bxe5 30. Qxe5 Rcc8 31. f5 exf5 32. Qxf5 Rc4 33. Qxb5 Rcc8 34. h4 Rb8 35. Qc5 Rb7 36. Kg3 Rfb8 37. Qd5 Rxb4 38. Qd6 R4b6 39. Qc7 R6b7 40. Qd6 Rb6 41. Qc7 Rg6+ 42. Kf3 Re8 43. Qd7 Rf6+ 44. Kg3 Rg6+ 45. Kf3 Rf6+ 46. Kg3 Rg6+ 1/2-1/2

[Event "Marianske Lazne GM-A1 21st"]
[Site "Marianske Lazne"]
[Date "2023.01.14"]
[Round "1"]
[White "Seemann, Jakub"]
[Black "Stefansson, Hannes"]
[Result "0-1"]
[WhiteElo "2389"]
[BlackElo "2526"]
[PlyCount "110"]
[EventDate "2023.01.14"]
[EventType "tourn"]
[EventRounds "9"]
[EventCountry "CZE"]
[EventCategory "7"]
[SourceTitle "CBM 212 Extra"]
[Source "ChessBase"]
[SourceDate "2023.03.31"]
[SourceVersion "1"]
[SourceVersionDate "2023.03.31"]
[SourceQuality "1"]

1. e4 e5 2. Nf3 Nc6 3. Bb5 a6 4. Ba4 Nf6 5. 0-0 Be7 6. Re1 b5 7. Bb3 0-0 8. c3 d5 9. exd5 Nxd5 10. Nxe5 Nxe5 11. Rxe5 c6 12. d4 Bd6 13. Re1 Qh4 14. g3 Qh3 15. Re4 g5 16. Qf1 Qxf1+ 17. Kxf1 Bh3+ 18. Kg1 Rae8 19. f3 Bf5 20. Nd2 g4 21. Kf2 Nf6 22. Bc2 Nxe4+ 23. Nxe4 Re6 24. Bd2 gxf3 25. Kxf3 Bg6 26. Re1 Rfe8 27. Re3 Bf8 28. g4 Bh6 29. g5 Bxg5 30. Nxg5 Rxe3+ 31. Bxe3 Bxc2 32. Nh3 Be4+ 33. Kf2 Bd5 34. a3 Kg7 35. Nf4 Kf6 36. Bd2 Kf5 37. h3 Ke4 38. Bc1 Rg8 39. Bd2 a5 40. Bc1 Be6 41. Be3 a4 42. Bc1 Bc8 43. Be3 Rd8 44. Ke2 Rd6 45. Nd3 Kd5 46. Ne5 f6 47. Nd3 Kc4 48. Bf4 Re6+ 49. Kd2 Re4 50. Bg3 Re8 51. Bh4 Bf5 52. Nf4 Re4 53. Bg3 Kb3 54. Nd3 Re8 55. Nb4 Be4 0-1